000 00253nam a22001097a 4500
008 170118b xxu||||| |||| 00| 0 eng d
020 _a9780323058919
041 _aeng
080 _27TH
_a618.2
245 _aBASIC NURSING
_cPOTTER & PERRY
942 _2udc
_cBK
999 _c3036
_d3036